000
00287nam a2200121Ia 4500
008
190415s9999 xx 000 0 und d
082
_a
RG.0149
100
_a
Gupta, Malabika Das
245
0
_a
Class formation among the mogs of Tripura
260
_c
1991
300
_a
v.p.
942
_c
BK
999
_c
11584
_d
11584